A Study of natural rubber latex modification of bitumen emulsions for road rubberisation (Record no. 74404)

MARC details
000 -LEADER
fixed length control field 00398nam a2200121Ia 4500
100 ## - MAIN ENTRY--AUTHOR NAME
Personal name Joshy Mathew
245 #2 - TITLE STATEMENT
Title A Study of natural rubber latex modification of bitumen emulsions for road rubberisation
260 ## - PUBLICATION, DISTRIBUTION, ETC. (IMPRINT)
Name of publisher Cochin University of Science and Technology
Place of publication Kochi
Year of publication 1999
500 ## - GENERAL NOTE
General note Course: B.Tech.
700 ## - ADDED ENTRY--PERSONAL NAME
Personal name Dr Rani Joseph
942 ## - ADDED ENTRY ELEMENTS (KOHA)
Koha item type Theses
Holdings
Withdrawn status Lost status Damaged status Not for loan Collection code Home library Current library Shelving location Date acquired Koha item type
      Theses Dissertation RRII Library RRII Library Rubber technology 31/12/2021 Theses